High voltage engineering (Record no. 8311)

MARC details
000 -LEADER
fixed length control field 00470nam a2200217Ia 4500
001 - CONTROL NUMBER
control field 082491
003 - CONTROL NUMBER IDENTIFIER
control field YMCAF
005 - DATE AND TIME OF LATEST TRANSACTION
control field 20230512161354.0
008 - FIXED-LENGTH DATA ELEMENTS--GENERAL INFORMATION
fixed length control field 100717s2001 ||||||||||||||||| ||und|d
024 ## - OTHER STANDARD IDENTIFIER
Standard number or code 82491
035 ## - SYSTEM CONTROL NUMBER
System control number 21951
040 ## - CATALOGING SOURCE
Original cataloging agency YMCAF
Language of cataloging eng
Transcribing agency IN-KoLT
041 ## - LANGUAGE CODE
Language code of text/sound track or separate title eng
082 ## - DEWEY DECIMAL CLASSIFICATION NUMBER
Classification number 621.319
Item number 13 NAI
100 ## - MAIN ENTRY--PERSONAL NAME
Personal name Naidu and Kamaraju
245 #0 - TITLE STATEMENT
Title High voltage engineering
250 ## - EDITION STATEMENT
Edition statement 2nd
260 ## - PUBLICATION, DISTRIBUTION, ETC.
Name of publisher, distributor, etc. TMH
Date of publication, distribution, etc. 2001
300 ## - PHYSICAL DESCRIPTION
Extent 372
942 ## - ADDED ENTRY ELEMENTS (KOHA)
Source of classification or shelving scheme Dewey Decimal Classification
Koha item type Books
Holdings
Withdrawn status Lost status Damaged status Not for loan Home library Current library Date acquired Cost, normal purchase price Total Checkouts Barcode Date last seen Cost, replacement price Price effective from Koha item type Public note G Total Renewals Date last checked out
        JC Bose University of Science & Technology JC Bose University of Science & Technology 17/07/2010 155.00   21955 12/05/2023 155.00 12/05/2023 Books C 13343    
        JC Bose University of Science & Technology JC Bose University of Science & Technology 17/07/2010 155.00   21951 12/05/2023 155.00 12/05/2023 Books C 13343    
        JC Bose University of Science & Technology JC Bose University of Science & Technology 17/07/2010 155.00 1 21952 12/12/2025 155.00 12/05/2023 Books C 13343 1 13/11/2025
        JC Bose University of Science & Technology JC Bose University of Science & Technology 17/07/2010 155.00 1 21953 05/12/2023 155.00 12/05/2023 Books C 13343   20/11/2023
        JC Bose University of Science & Technology JC Bose University of Science & Technology 17/07/2010 155.00   21954 12/05/2023 155.00 12/05/2023 Books C 13343